| 000 | 00000nam##2200000za#4500 |
| 001 | 9.639840 |
| 003 | CaOODSP |
| 005 | 20220107134005 |
| 007 | cr ||||||||||| |
| 008 | 150407|1998||||xxc|||||o f|0| 0 fre|d |
| 040 | |aCaOODSP|bfre |
| 043 | |an-cn--- |
| 086 | 1 |aH72-21/164-1998F-PDF |
| 110 | 2 |aCentre national d'information sur la violence dans la famille (Canada) |
| 245 | 10|aGuide traitant des femmes victimes de violence et du système canadien de justice pénale : |h[ressource électronique]|blignes directrices à l'intention des médecins / |cpréparé par Lorraine E. Ferris, Asifa Nurani et Laura Silver. |
| 260 | |aOttawa - Ontario : |bSanté Canada. |cc1999. |
| 300 | |a10, 64p.|bréférences, tableau |
| 500 | |aLe n° de catalogue (H72-21/164-1998F) et l'ISBN (0-662-83268-X) de l'édition imprimée ont été incorrectement copiés dans l'édition électronique. |
| 590 | |a12-13-Supp|b2012-04-03 |
| 720 | 1 |aFerris, Lorraine E. |
| 720 | 1 |aNurani, Asifa |
| 720 | 1 |aSilver, Laura |
| 775 | 08|tA handbook dealing with woman abuse and the Canadian Criminal Justice System : |w(CaOODSP)9.695713 |
| 776 | 0#|tGuide traitant des femmes victimes de violence et du système canadien de justice pénale : |w(CaOODSP)9.680582 |
| 856 | 40|ahttp://publications.gc.ca|qPDF|s45 Ko|uhttps://publications.gc.ca/collections/Collection/H72-21-164-1998-1F.pdf |
| 856 | 40|ahttp://publications.gc.ca|qPDF|s321 Ko|uhttps://publications.gc.ca/collections/Collection/H72-21-164-1998-2F.pdf |